| 000 | 00842aam a2200301 i 4500 | ||
|---|---|---|---|
| 001 | 768714001 | ||
| 003 | CO-MdFUSB | ||
| 005 | 20251021170916.0 | ||
| 007 | ta | ||
| 008 | 170417t1970 xxu||||g |||| 00| 0 eng d | ||
| 020 | _a0-8044-6132-5 | ||
| 040 |
_aCO-MdFUSB _bspa _cCO-MdFUSB _dCO-MdFUSBC _erda |
||
| 041 | 0 | _aeng | |
| 082 | 0 | 4 |
_a24 _2252 _bED26s |
| 100 | 1 |
_aEdwards, Jonathan (1703-1758) _eautor |
|
| 245 | 0 | 0 |
_aSelected writings of Jonathan Edwards _c/ Jonathan Edwards ; editado por Harold P. Simonson |
| 264 | 1 |
_aNew York, N.Y., USA : _bFrederick Ungar, _c[1970] |
|
| 264 | 4 | _c©1970 | |
| 300 | _a188 páginas | ||
| 336 |
_2rdacontent _a1 _ba1 |
||
| 337 |
_2rdamedia _a2 _b5 |
||
| 338 |
_2rdacarrier _a2 _b5 |
||
| 563 | _aRústico | ||
| 650 | 7 |
_9283 _aSermones |
|
| 942 | _cBK | ||
| 945 | _aJTF-925 | ||
| 999 |
_c40214 _d40214 |
||